The origin and development of Islam : (Record no. 32714)
[ view plain ]
| 000 -LEADER | |
|---|---|
| fixed length control field | 00772cam a2200265 a 4500 |
| 001 - CONTROL NUMBER | |
| control field | 32714 |
| 003 - CONTROL NUMBER IDENTIFIER | |
| rucl marc code | BD-RjUL |
| 005 - DATE AND TIME OF LATEST TRANSACTION | |
| control field | 20211209051902.0 |
| 008 - FIXED-LENGTH DATA ELEMENTS--GENERAL INFORMATION | |
| fixed length control field | 140428s1996 ii b 000 0 eng |
| 020 ## - INTERNATIONAL STANDARD BOOK NUMBER | |
| International Standard Book Number | 8174350640 |
| 035 ## - SYSTEM CONTROL NUMBER | |
| System control number | (BD-RjUL)32804 |
| 040 ## - CATALOGING SOURCE | |
| Original cataloging agency | DLC |
| Transcribing agency | DLC |
| Modifying agency | DLC |
| -- | BD-RjUL |
| Language of cataloging | eng |
| 041 ## - LANGUAGE CODE | |
| Language code of text/sound track or separate title | eng |
| 082 00 - DEWEY DECIMAL CLASSIFICATION NUMBER | |
| Classification number | 297.63 |
| Edition number | 19 |
| Author mark and year | SAO 1996 |
| 100 1# - MAIN ENTRY--PERSONAL NAME | |
| Personal name | Sarwar, Ghulam. |
| 9 (RLIN) | 99501 |
| 245 14 - TITLE STATEMENT | |
| Title | The origin and development of Islam : |
| Remainder of title | life of holy Prophet / |
| Statement of responsibility, etc. | by Ghulam Sarwar. |
| 250 ## - EDITION STATEMENT | |
| Edition statement | rev. ed. |
| 260 ## - PUBLICATION, DISTRIBUTION, ETC. (IMPRINT) | |
| Place of publication, distribution, etc. | Delhi : |
| Name of publisher, distributor, etc. | Adam pub., |
| Date of publication, distribution, etc. | c1996. |
| 300 ## - PHYSICAL DESCRIPTION | |
| Pagination | ix, 487 p. ; |
| Size | 22 cm. |
| 600 #0 - SUBJECT ADDED ENTRY--PERSONAL NAME | |
| Personal name | Muḥammad, |
| Titles and other words associated with a name | Prophet, |
| Dates associated with a name | 632 |
| Fuller form of name | Biography. |
| 651 #0 - SUBJECT ADDED ENTRY--GEOGRAPHIC NAME | |
| Geographic name | Islamic Empire |
| General subdivision | History. |
| 9 (RLIN) | 99503 |
| 942 ## - ADDED ENTRY ELEMENTS (KOHA) | |
| Source of classification or shelving scheme | Dewey Decimal Classification |
| Koha item type | Books |
| Lost status | Source of classification or shelving scheme | Damaged status | Not for loan | Collection code | Permanent Location | Current Location | Shelving location | Date acquired | Source of acquisition | Cost, normal purchase price | Total Checkouts | Full call number | Date last seen | Copy number | Koha item type |
|---|---|---|---|---|---|---|---|---|---|---|---|---|---|---|---|
| Dewey Decimal Classification | Non-fiction | Central Library, University of Rajshahi | Central Library, University of Rajshahi | 25/06/1997 | Paragon Enterprise | 175.00 | 297.63 SAO 1996 | 28/04/2014 | C-2 | Books |